Score 0/20 Timer 06:00
16 Plays Today
Clue UB Word % Correct
Tool used by either a golfer or cavemanClub
91.6%
Washroom fixtureBathtub
89.1%
Rosy-cheeked, winged angelCherub
87.5%
Surgeon's outfitScrubs
84.4%
''Eat fresh'' fast food chainSubway
82.6%
Four-letter island nationCuba
81.4%
Growth on an unshaved chinStubble
80.9%
Precious stoneRuby
77%
Hot corned beef sandwich with Swiss cheese, Russian dressing, and sauerkraut on ryeReuben
65.2%
Substance in ''The Absent-Minded Professor''Flubber
64.2%
Clue UB Word % Correct
Put into printPublish
63.2%
To keep warm before hatchingIncubate
63%
Someone unfamiliar with the sea, to a sailorLandlubber
61.5%
Capable of being dissolvedSoluble
57.9%
Nonsense; baloneyRubbish
56.3%
Hasbro board game with Pop-o-matic diceTrouble
55.7%
Reddish-brown colorAuburn
50%
Excessive pride which usually results in a tragic downfallHubris
48%
Yard plant; what the Knights who say ''Ni!'' wanted in ''Spamalot''Shrubbery
44.5%
Genre of electronic dance music that originated in South LondonDubstep
42.3%
Remove Ads.
Support Sporcle.
Get the best of Sporcle when you Go Orange. This ad-free experience offers more features, more stats, and more fun while also helping to support Sporcle. Thank you for becoming a member.

You're not logged in!

Compare scores with friends on all Sporcle quizzes.
OR
Log In

Show Comments

Extras

Top Quizzes Today


Score Distribution

Your Account Isn't Verified!

In order to create a playlist on Sporcle, you need to verify the email address you used during registration. Go to your Sporcle Settings to finish the process.

Report this User

Report this user for behavior that violates our Community Guidelines.

Details: